Personnalités dont le nom commence par la lettre G (par images) - Statistiques

Statistiques générales
  • Ce quiz a été pris 673 fois
    547 depuis la dernière actualisation
  • Le résultat moyen est 11 sur 16
Statistiques - réponses
Par images Réponse % Correct
Antoine Griezmann
98%
Garou
93%
David Guetta
90%
Valéry Giscard d'Estaing
89%
Serge Gainsbourg
84%
Jean-Jacques Goldman
80%
Selena Gomez
74%
Ryan Gosling
73%
France Gall
69%
Bill Gates
58%
Andrew Garfield
54%
Jean-Paul Gaultier
49%
Laurent Gerra
48%
Fabien Galthié
38%
Jean Gabin
33%
Mel Gibson
31%
Aucun quiz correspondant
Distribution des résultats
% des personnes avec chaque résultat
Percentile par nombre de réponses
Votre historique - résultats
Vous n’avez pas pris ce quiz depuis la dernière actualisation